[Event "ASEAN IM 2nd"]
[Site "Bangkok"]
[Date "2004.06.14"]
[Round "3"]
[White "Nay, Oo Kyaw Tun"]
[Black "Goh, Koon Jong Jason"]
[Result "0-1"]
[WhiteElo "2431"]
[BlackElo "2382"]
[PlyCount "84"]
[EventDate "2004.06.13"]
[EventType "tourn"]
[EventRounds "10"]
[EventCountry "THA"]
[EventCategory "6"]
[SourceTitle "EXT 2005"]
[Source "ChessBase"]
[SourceDate "2004.11.15"]
[SourceVersion "1"]
[SourceVersionDate "2004.11.15"]
[SourceQuality "1"]

1. e4 d5 2. exd5 Qxd5 3. Nc3 Qd6 4. d4 Nf6 5. Bd3 Nc6 6. Nge2 e5 7. Nb5 Qe7 8. 0-0 a6 9. dxe5 Nxe5 10. Nbd4 g6 11. Bg5 Bg7 12. Nc3 0-0 13. Re1 Qd6 14. Nf3 Nfg4 15. Bf4 Nxf2 16. Kxf2 Nxd3+ 17. Qxd3 Qxf4 18. Nd5 Qa4 19. c3 Be6 20. Red1 Rfd8 21. c4 Bf5 22. Qb3 Qxb3 23. axb3 Bc2 24. Re1 Bxb3 25. Rac1 Bf8 26. Nf6+ Kg7 27. Ne4 Ba4 28. Nc3 Bc6 29. Ne5 Rd2+ 30. Re2 Bc5+ 31. Kf1 Rxe2 32. Nxe2 Bxg2+ 33. Kxg2 Re8 34. Nd7 Rxe2+ 35. Kf3 Re3+ 36. Kf4 Bd4 37. Rd1 c5 38. b4 Rc3 39. bxc5 Bxc5 40. Nxc5 Rxc4+ 41. Ne4 f5 42. Rd7+ Kh6 0-1

[Event "ASEAN IM 2nd"]
[Site "Bangkok"]
[Date "2004.06.13"]
[Round "1"]
[White "Myo, Naing"]
[Black "Goh, Koon Jong Jason"]
[Result "0-1"]
[WhiteElo "2425"]
[BlackElo "2382"]
[PlyCount "58"]
[EventDate "2004.06.13"]
[EventType "tourn"]
[EventRounds "10"]
[EventCountry "THA"]
[EventCategory "6"]
[SourceTitle "EXT 2005"]
[Source "ChessBase"]
[SourceDate "2004.11.15"]
[SourceVersion "1"]
[SourceVersionDate "2004.11.15"]
[SourceQuality "1"]

1. e4 c5 2. Nc3 a6 3. g3 b5 4. Bg2 Bb7 5. d3 e6 6. Nge2 Nc6 7. Be3 Nf6 8. h3 d5 9. exd5 Nb4 10. 0-0 Nbxd5 11. Nxd5 Bxd5 12. Nf4 Bxg2 13. Kxg2 Be7 14. Qf3 0-0 15. Rfd1 Qc7 16. c3 Rad8 17. a4 e5 18. Ne2 bxa4 19. Bg5 Qb6 20. Rxa4 Qxb2 21. Rd2 Qb5 22. Raa2 c4 23. Rdb2 Qc5 24. dxc4 Qxc4 25. Ra5 e4 26. Qf5 Rb8 27. Rba2 Qd3 28. Rd2 Qb1 29. Raa2 Rb5 0-1

[Event "SIN-ch"]
[Site "Singapore"]
[Date "2004.??.??"]
[Round "9"]
[White "Chan, Peng Kong"]
[Black "Goh, Koon Jong Jason"]
[Result "1/2-1/2"]
[WhiteElo "2344"]
[BlackElo "2385"]
[PlyCount "106"]
[EventDate "2004.04.??"]
[EventType "tourn"]
[EventRounds "9"]
[EventCountry "SIN"]
[SourceTitle "EXT 2005"]
[Source "ChessBase"]
[SourceDate "2004.11.15"]
[SourceVersion "1"]
[SourceVersionDate "2004.11.15"]
[SourceQuality "1"]

1. d4 Nf6 2. c4 e6 3. Nc3 Bb4 4. Qc2 0-0 5. a3 Bxc3+ 6. Qxc3 b6 7. Bg5 Ba6 8. Qf3 Nc6 9. e3 h6 10. Bxf6 Qxf6 11. Qxf6 gxf6 12. Rc1 Ne7 13. Ne2 Rae8 14. Nc3 f5 15. f3 c6 16. b4 Bb7 17. Bd3 d6 18. Kf2 Rd8 19. Rhd1 Kg7 20. Bc2 Rc8 21. Bb3 Rfd8 22. Na4 Ng6 23. c5 bxc5 24. bxc5 d5 25. f4 h5 26. Rb1 Rc7 27. Nc3 f6 28. Bc2 h4 29. Kf3 Kf7 30. Rb4 Bc8 31. Rdb1 e5 32. Rb8 Re8 33. Ba4 Nf8 34. R1b4 Ree7 35. Ra8 exd4 36. exd4 Ne6 37. Bc2 Rb7 38. Rxc8 Rxb4 39. axb4 Nxd4+ 40. Kf2 Nxc2 41. Rxc6 Nxb4 42. Rd6 Nd3+ 43. Kf3 Nxc5 44. Nxd5 Re6 45. Rd8 a5 46. Rc8 Nb3 47. Rc7+ Kf8 48. Ra7 Nd4+ 49. Kf2 Nc6 50. Ra6 Kf7 51. Ne3 Nb4 52. Rxa5 Nd3+ 53. Kf3 Ne1+ 1/2-1/2

[Event "SIN-ch"]
[Site "Singapore"]
[Date "2004.??.??"]
[Round "7"]
[White "Goh, Koon Jong Jason"]
[Black "Goh, Wei Ming Kevin"]
[Result "1/2-1/2"]
[WhiteElo "2385"]
[BlackElo "2303"]
[PlyCount "29"]
[EventDate "2004.04.??"]
[EventType "tourn"]
[EventRounds "9"]
[EventCountry "SIN"]
[SourceTitle "EXT 2005"]
[Source "ChessBase"]
[SourceDate "2004.11.15"]
[SourceVersion "1"]
[SourceVersionDate "2004.11.15"]
[SourceQuality "1"]

1. d4 Nf6 2. c4 g6 3. Nc3 d5 4. Nf3 Bg7 5. Qb3 dxc4 6. Qxc4 0-0 7. Bf4 Bf5 8. Qxc7 Nc6 9. Qxd8 Rfxd8 10. e3 Nb4 11. Rc1 Rac8 12. a3 Nbd5 13. Be5 Ne4 14. Bxg7 Kxg7 15. Nh4 1/2-1/2